LEADER 01122nam a2200229 4500 001 000000335791 003 CaOOAMICUS 005 20190805113624.0 008 190805s1732 it 000 u ita r 026 $ai-o, l-s- i,si aqve (3) 1732 (R) 040 $aSeMil$bita 245 00$aParte 2. 264 1$aIn Venezia :$bPer Stefano Orlandini, a spese dell'autore,$c1732. 300 $a332 p., C. di tav. ripieg. XIV-XXV :$bill. ;$c8° 500 $aSegn.: A-2R? 2S? 700 11$aCrivelli, Giovanni Francesco.$0(OLS)http://semarc/name/110046 773 0 $aCrivelli, Giovanni Francesco$tElementi di fisica esposti da Giovanni Crivelli chierico regolare somasco. E dedicati a S. E. il signor Giacopo Soranzo. Parte 1. [-2.].$dIn Venezia : Per Stefano Orlandini, a spese dell'autore, 1731-1732.$w()335789 850 $aSeMil 852 $aSeMil$W1$xVenegono$y1$m3W V 126 FA$j215113$B227663$CSeMilBibl$Z2$F227663 $8I 996 $6245$aParte 2$9(OLS)http://semarc/title/108333 996 $6264$aIn Venezia :$bPer Stefano Orlandini, a spese dell'autore$9(OLS)http://semarc/publisher/58432 LEADER 00917nam a2200241 i 4500 001 000000230336 003 CaOOAMICUS 005 20140605000000.0 008 140605s1906 it u000 u ita u 013 $a209238 040 $aSeMil$bita 100 1 $aSwetchine, Sophie,$d<1782-1857>.$0(OLS)http://semarc/name/79078 245 10$aTrattato della rassegnazione /$cSophie Swetchine ; traduzione di L. Meregalli. 260 $aMilano :$bPalma,$c1906. 300 $a169 p. ;$c16 cm. 500 $aFondo card. Giovanni Colombo. 700 1 $aMeregalli, Luigi .$0(OLS)http://semarc/name/31569 850 $aSeMil 852 $aSeMil$W1$xVenegono$y1$m3GC I 79$j180682$B180682$CSeMilBibl$Z2$F192483 $8B 941 1 $a3 961 $aLascito: Colombo Card. Giovanni 996 $6245$aTrattato della rassegnazione$9(OLS)http://semarc/title/329118 996 $6260$aMilano :$bPalma$9(OLS)http://semarc/publisher/41522